00345cam a22001097a 4500008004000000082002000040100001700060245005900077260006300136300000900199650002700208180718b1979 xxu||||| |||| 00| 0 eng d aAPPPA 78-79 CHA aChawla, P.D. aAnalysis of crimes in India, 1965-1974cby P.D. Chawla aNew DelhibIndian Institute of Public Administrationc1979 a86p. aCrimes-India-1965-1974